书目信息 |
| 题名: |
党员干部应当关注的十六个重大理论与实践热点
|
|
| 作者: | 党员干部应当关注的十六个重大理论与实践热点编写组 编 | |
| 分册: | ||
| 出版信息: | 北京 红旗出版社 2006.03 |
|
| 页数: | 328页 | |
| 开本: | 21cm | |
| 丛书名: | ||
| 单 册: | ||
| 中图分类: | D261.42 | |
| 科图分类: | ||
| 主题词: | 中国共产党 | |
| 电子资源: | ||
| ISBN: | 7-5051-1352-6 | |
| 000 | 00927 nam 000217 | |
| 001 | 012000000839 | |
| 005 | 20070902154317.77 | |
| 010 | @a7-5051-1352-6@dCNY25.00 | |
| 100 | @a20070714d2006 em y0chiy0121 ea | |
| 101 | @achi | |
| 102 | @aCN@b110000 | |
| 105 | @ay z 000yy | |
| 200 | 10 | @a党员干部应当关注的十六个重大理论与实践热点@9dang yuan gan bu ying dang guan zhu de shi liu ge chong da li lun yu shi jian re dian@f党员干部应当关注的十六个重大理论与实践热点编写组编@Fdang yuan gan bu ying dang guan zhu de shi liu ge chong da li lun yu shi jian re dian bian xie zu bian |
| 210 | @a北京@c红旗出版社@d2006.03 | |
| 215 | @a328页@d21cm | |
| 606 | @a中国共产党 | |
| 690 | @aD261.42@v4 | |
| 701 | 0 | @a党员干部应当关注的十六个重大理论与实践热点编写组@9dang yuan gan bu ying dang guan zhu de shi liu ge chong da li lun yu shi jian re dian bian xie zu@4编 |
| 801 | @aCN@c20070902 | |
| 901 | @a000001 | |
| 905 | @dD261.42@eD179 | |
| 党员干部应当关注的十六个重大理论与实践热点/党员干部应当关注的十六个重大理论与实践热点编写组编.-北京:红旗出版社,2006.03 |
| 328页;21cm |
| ISBN 7-5051-1352-6:CNY25.00 |
| ● |
| 相关链接 |
|
|
|
正题名:党员干部应当关注的十六个重大理论与实践热
索取号:D261.42/D179
 
预约/预借
| 序号 | 登录号 | 条形码 | 馆藏地/架位号 | 状态 | 备注 |
| 1 | 642372 | 206423725 | 社科库509/509社科库 69排5列3层/ [索取号:D261.42/D179] | 在馆 | |
| 2 | 642373 | 206423734 | 社科库509/509社科库 69排5列3层/ [索取号:D261.42/D179] | 在馆 | |
| 3 | 642374 | 206423743 | 社科库509/509社科库 69排5列3层/ [索取号:D261.42/D179] | 在馆 |